01263cam a2200301 a 4500001000500000005001700005008004100022020002200063020001800085040001800103050002500121082000900146100001800155245002800173250003100201260003500232300004000267490001800307500003100325505000800356520044700364521002000811521002000831650002700851650003300878650001900911650003100930120120230824095720.0070608s2007 nyu b 000 1 eng  a0439874130 (pbk.) a9780439874137 aDLCcDLCbeng00aPZ7.M59433bPat 200700aFic 1 aMiles, Ellen.10aPatches /cEllen Miles. aFirst printing, March 2007 aNew York :bScholastic,c2007. a73 pages : c20 cm bIllustrations;0 aPuppy place ; a"A Little Apple paperback" aN  aCharles and Lizzie Peterson love puppies. They have a puppy of their own named Buddy, but they also foster dogs that need help finding new homes. Charles and his friend Sammy are on their way home from school one day when they hear a puppy crying. His name is Patches, and he's tied up in a garage all by himself. His owners seem to care ABOUT Patches, but they don't know how to care FOR him. And it's up to Charles and Lizzie to show them!0 a570 bLexile 1 aN bRaz-Plus  1aDog adoptionvFiction. 1aBeagle (Dog breed)vFiction. 1aDogsvFiction. 1aAnimalsxInfancyvFiction.